00325naa a2200121 a 450000100080000000500110000800800410001910000110006024500460007126000090011765300130012677300640013910837412012-03-14 1980 bl uuuu u00u1 u #d1 aEpagri aProdu????o e comercializa????o da banana. c1980 aEconomia tO Estado Agr??cola, Florian??polis, SC, 22 jun. 1980. p. 3.